000 00611 a2200217 4500
001 sjds
003 sjds
005 20240602202344.0
008 240602b |||||||| |||| 00| 0 spa d
020 _a9780395630730
020 _a0395630738
040 _csjds
041 _aspa
100 _aRobleda, Margarita
245 _aLos duendes y el zapatero /
_cMargarita Robleda Moguel, Monique Passicot (Illustrator)
260 _aBoston :
_bHoughton Mifflin,
_cc1993.
300 _a32 pages :
_bcolor illustrations ;
_c28 cm
440 _aCelebremos la literatura
700 1 _aPassicot, Monique
942 _cBK
999 _c29643
_d29641